00384nam a2200157Ia 45000010006000000050017000060080041000230410008000640820015000721000027000872450055001142600009001693000032001786500008002106540008002181379820260306164827.0260306t1998||||xx |||||||||||||| ||spa|| aESP a005.3bE94 aEtter, Delores M.eAUT 0aSolución de problemas de ingeniería con matlab c1998 axx, 329 páginas :c23 cm. aGEN aCCC